000 00516ntaaa2200193 4500
003 01
005 20251027202251.0
008 0714s1973 ag 01
040 _aAR-BaBN
_bspa
_cAR-BaBN
_eaacr
_dRIC
082 _a270.0000 M58
100 _aMilburn, R. Gordon
_921060
245 _aSignificant church history
250 _a1 ed.
260 _aLondon :
_bJames Clarke and Co. Ltd,
_c1959
300 _a78 p
500 _aHistoria eclesiástica, desde el año 1860
650 _ahistoria eclesiástica
942 _cBK
999 _c17453
_d17453